Catholic University of Zimbabwe Library
Online Public Access Catalogue
(OPAC)

Rome, Britain, and the Anglo-Saxons (Record no. 13107)

MARC details
000 -LEADER
fixed length control field 00401 a2200145 4500
245 ## - TITLE STATEMENT
Title Rome, Britain, and the Anglo-Saxons
Medium print
020 ## - INTERNATIONAL STANDARD BOOK NUMBER
International Standard Book Number 1852640227
650 ## - SUBJECT ADDED ENTRY--TOPICAL TERM
Topical term or geographic name entry element History
260 ## - PUBLICATION, DISTRIBUTION, ETC.
Place of publication, distribution, etc. enk
Name of publisher, distributor, etc. Seaby
Date of publication, distribution, etc. 1992
084 ## -
-- DA152 .H54 1992
300 ## - PHYSICAL DESCRIPTION
Extent 263 p. : ill.
Other physical details 24 cm.
Dimensions 263 p. : ill. ; 24 cm.
500 ## - GENERAL NOTE
General note Nicholas Higham.
490 ## - SERIES STATEMENT
Series statement The Archaeology of change

No items available.

OPENING HOURS

Weekdays: 0815hrs - 1800hrs
Weekends:0900hrs - 1200hrs

Closed for Mass:

Mon, Thur: 1200hrs - 1300hrs
Sunday & Public Holiday’s

CALL SUPPORT

0242-570570, 0242-570169
09200664, +263 8644140602

LOCATION

18443, Cranborne Avenue, Hatfield, Harare

Other Links


©2021 | CUZ Library